000 00479nam a22001697a 4500
003 OSt
005 20180727153648.0
008 920625s1985 slv spa
040 _aBCRI
_cBCRI
100 1 _aMuñoz Campos, Roberto
_93369
245 1 0 _aLa investigación científica
_b: Paso a paso
_cR. Muñoz Campos
250 _a4ª ed, reimp.
260 _aSan Salvador
_bUCA
_c2009
300 _a275 p.
_bil, gráf.
_c25 cm
650 2 4 _92258
_aInvestigación
942 _cBK
_2ddc
999 _c21815
_d21815